Inheritance Hierarchy and Caste : (Record no. 204536)

MARC details
000 -LEADER
fixed length control field 00647nam a22001817a 4500
005 - DATE AND TIME OF LATEST TRANSACTION
control field 20240919143705.0
010 ## - LCCN (DPL NO)
LC control number ENG-141013 ENG-141013
020 ## - INTERNATIONAL STANDARD BOOK NUMBER
Terms of availability 1395.00
International Standard Book Number 9789354791994
035 ## - SYSTEM CONTROL NUMBER
System control number EN-124545
037 ## - SOURCE OF ACQUISITION
Source of stock number/acquisition DBAD
082 ## - DEWEY DECIMAL CLASSIFICATION NUMBER
Classification number 320.954
100 ## - MAIN ENTRY--PERSONAL NAME
Personal name Wanjari, Dhananjay Soindaji
245 ## - TITLE STATEMENT
Title Inheritance Hierarchy and Caste :
Remainder of title origins of political decay in india /
Statement of responsibility, etc by Dhananjay Soindaji Wanjari,
260 ## - PUBLICATION, DISTRIBUTION, ETC. (IMPRINT)
Place of publication, distribution, etc New Delhi
Name of publisher, distributor, etc Sage Publication
Date of publication, distribution, etc 2022
270 ## - ADDRESS
Address B1/l - 1 mohan cooperative Indusrtrial area
City New Delhi
Postal code 110044
300 ## - PHYSICAL DESCRIPTION
Extent 312P.
Dimensions 22cm,(hb)
942 ## - ADDED ENTRY ELEMENTS (KOHA)
Source of classification or shelving scheme Dewey Decimal Classification
Item type English Books
Classification part 320.954
Call number suffix WAN
Holdings
Withdrawn status Lost status Not for loan Collection code Home library Current library Date acquired Source of acquisition Cost, normal purchase price Full call number Barcode Copy number Cost, replacement price Koha item type
      Non-fiction Shahdara Branch Shahdara Branch 26/07/2024 DBAD 1395.00 320.954 WAN EN-124545 1 1395.00 English Books

© Delhi Public Library
Hit Counter
free hit counter